| 000 | 00619nam a2200229Ia 4500 | ||
|---|---|---|---|
| 005 | 20260429112210.0 | ||
| 008 | 260429s9999||||xx |||||||||||||| ||und|| | ||
| 020 | _a9789390877010 | ||
| 041 | _aEnglish | ||
| 082 |
_a954.82 _bKAR |
||
| 100 | _aKarunakaran, A. | ||
| 245 | 0 |
_aCapital cities of imperial Cholas : _ba historical study / _cA. Karunakaran |
|
| 250 | _a1st ed. | ||
| 260 |
_aChennai : _bMJP Publishers , _c2023. |
||
| 300 | _axxi, 381 p.; hb | ||
| 650 | _a Capitals | ||
| 650 | _a Urban history | ||
| 650 | _aChola dynasty | ||
| 700 | _a Kalyani, D. | ||
| 700 | _a Soundarajan, J. | ||
| 942 | _cTB | ||
| 999 |
_c52849 _d52849 |
||